Представление документа в формате RUSMARC

ПолеНазваниеЗначение
  Тип записи a
  Библиографический уровень m
001 Контрольный номер RU/CBS_UL/BASE/b690b2a5bc0946e5ae4e7fa99c03febd
005 Дата корректировки 20240208153740.5
010 Индекс ISBN __
d Цена 10 к.
9 Тираж экз.
100 Данные общей обработки __
a Данные общей обработки 20240208d 0rusy0189## ca
101 Язык документа 0_
a Язык текста rus
102 Страна публикации __
a Страна публикации RU
200 Заглавие и сведения об ответственности 1_
a Заглавие Сад Толстого
e Сведения, относящиеся к заглавию избранные воспоминания
g Последующие сведения об ответственности рис. А. Слепкова
210 Выходные данные 1_
a Место издания Москва
c Издательство Детская литература
d Дата издания 1987
215 Физическое описание __
a Объем 64 с.
c Иллюстрации/тип воспроизводства ил.
d Формат см.
225 Серия 2_
a Серия Книга за книгой
300 Общие примечания __
a Общие примечания Под инв. номером 23168: Ц-3, 2-1, 4-3, 5-1, 13-1
300 Общие примечания __
a Общие примечания 6+
600 Персоналии _1
a Персоналии (Фамилия) Толстой
b Персоналии (Имя, инициалы) Л. Н.
606 Тематические рубрики 0_
a Основная рубрика Толстой, Лев Николаевич (1828-1910)
610 Ключевые слова 0_
a Ключевые слова писатели русские; воспоминания; тема детства; дети
686 Индексы других классификаций __
2 Код системы rubbk
a Классификационный индекс 83.3(2Рос=Рус)1
801 Источник записи _0
a Страна RU
b Организация МБУК ЦБС г. Ульяновска
c Дата составления 20240208
g Правила каталогизации RCR
801 Источник записи _1
a Страна RU
b Организация МБУК ЦБС г. Ульяновска
c Дата составления 20240208
g Правила каталогизации RCR
852 Данные о местонахождении __
i Авторский знак С 14
j Шифр хранения 83.3(2Рос=Рус)1
901 Тип документа __
t Тип документа m